000 00363nam a2200157Ia 4500
008 230711s9999||||xx |||||||||||||| ||und||
041 _aENG
082 _a624
_bSP-C
100 _aSpous .M.F
245 0 _aCivil enginers for management
250 _a1st
260 _c1988
_aNew York
_bChapman & Hall
300 _a257
650 _aCivil Engineering
942 _cBK
999 _c798
_d798